000 00395nam a2200133Ia 4500
008 211109s9999||||xx |||||||||||||| ||und||
082 _a891.433
_bBHA-V
100 _aBhatti, Deshrajsingh
245 0 _aVidhyapathi Padavali
260 _bVinode Pustaka Manthir
_aAgra
_c2013
630 _xGeneral stack
650 _aHindi literature
_vHindi fiction
_xLiterature & rhetoricGeneralia
942 _cBOOK
999 _c48344
_d48344